| 000 | 00976nam a2200217 a 4500 | ||
|---|---|---|---|
| 020 | _a817304130X | ||
| 082 | 0 | 0 |
_a954.3036 _bBAJ _cD |
| 100 |
_aBajpal, Kanti P. _946504 |
||
| 245 | 0 | 0 |
_aBrasstacks and beyond : _bperception and management of crisis in South Asia / _cby Kanti P. Bajpai ... [et al.]. |
| 260 |
_aNew Delhi : _bManohar, _c1995. |
||
| 300 |
_axii, 205 p. : _bmaps ; _c22 cm. |
||
| 500 | _a"Under the auspices of the Program in Arms Control, Disarmament, and International Security, University of Illinois at Urbana-Champaign, Urbana, Illinois, USA." | ||
| 520 | _aWith special reference to Brasstacks-related crisis between India and Pakistan. | ||
| 526 |
_a0 _b0 _c0 _d954_303600000000000_BAJ |
||
| 526 |
_a0 _b0 _c0 _d954_303600000000000_BAJ |
||
| 526 |
_a0 _b0 _c0 _d954_303600000000000_BAJ |
||
| 526 |
_a0 _b0 _c0 _d954_303600000000000_BAJ |
||
| 700 | 1 |
_aBajpai, Kanti P., _946505 |
|
| 710 | 2 |
_aUniversity of Illinois at Urbana-Champaign. _946506 |
|
| 942 |
_2ddc _cBK |
||
| 999 |
_c549826 _d549826 |
||